000 00574cab a2200229 4500
001 ABS51234
008 090401t1994 xxu||||| |||| 00| 0 eng d
035 _a(Sirsi) u16268
041 _aeng
245 _aEstates Times survey : Devon and Cornwall
260 _c1994
350 _a0
490 _aEstates Times
_v(1246) 26 August 1994, 22-26(5)
650 _aCORNWALL
650 _aDEVON
650 _aEXETER
650 _aPLYMOUTH
650 _aTRURO
690 _aPROPERTY-COMMERCIAL PROPERTY-COMMERCIAL PROPERTY MARKET
942 _n0
948 _c04/03/1997
999 _c10691
_d10691